000 00492nam a2200169 4500
001 139932
003 ES-MaACL
005 20230906195941.0
007 t|
008 070214s1961 sp r ||||1| spa d
100 1 _aScholz, Hermann.
_9104640
245 1 3 _aUn verano en Manitoba /
_cHermann Scholz ; traducción de Torcimany.
260 _aBarcelona :
_bSeix Barral,
_c1961.
300 _a191 p. :
_bil. ;
_c19 cm.
700 1 _aTorcimany.
_9110624
852 _aES-MaACL
_jC-18285
_bR.48390
999 _c139932
_d139932